00716nam a2200205 a 450000100100000000500170001000800410002702000150006804000250008308200160010810000350012424000240015924500620018326000490024530000210029459000260031570000320034195201200037399900170049300002489120200930023430.0110207s1994 sp r 000 0 spa d a8401325498 aDO-SdBNPbspacBNPHU axxxxbS813a1 aSteel, Danielle,d1947-91071810aAccidentlEspañol10aAccidente /cDanielle Steel ; traducción Marta Pérez. aBarcelona, España :bPlaza & Janes,c1994. a314 p. ;c22 cm. aInventariado, 2019/BT1 aPérez, Marta,etr.951093 001054708MOaGRbGRcHDd2011-02-07iLF1l0oxxxx S813ap24891-10r2020-06-25w2020-06-25y4ZPréstamo en sala c24384d24384